How children learn / (Record no. 275961)
[ view plain ]
| 000 -LEADER | |
|---|---|
| fixed length control field | 00764cam a22002775i 4500 |
| 001 - CONTROL NUMBER | |
| control field | SSB006306 |
| 005 - DATE AND TIME OF LATEST TRANSACTION | |
| control field | 20140930142200.0 |
| 008 - FIXED-LENGTH DATA ELEMENTS--GENERAL INFORMATION | |
| fixed length control field | 130805s2014 cau 000 0 eng |
| 010 ## - LIBRARY OF CONGRESS CONTROL NUMBER | |
| LC control number | 2013947121 |
| 020 ## - INTERNATIONAL STANDARD BOOK NUMBER | |
| International Standard Book Number | 9781446272183 (pbk.) |
| 040 ## - CATALOGING SOURCE | |
| Original cataloging agency | DLC |
| Language of cataloging | eng |
| Description conventions | rda |
| Transcribing agency | DLC |
| 042 ## - AUTHENTICATION CODE | |
| Authentication code | pcc |
| 050 #4 - LIBRARY OF CONGRESS CALL NUMBER | |
| Classification number | LB 1555 |
| Item number | .M121 2014 |
| 100 1# - MAIN ENTRY--PERSONAL NAME | |
| Personal name | MacBlain, Sean. |
| 245 10 - TITLE STATEMENT | |
| Title | How children learn / |
| Statement of responsibility, etc | Sean MacBlain. |
| 250 ## - EDITION STATEMENT | |
| Edition statement | 1st edition. |
| 260 ## - PUBLICATION, DISTRIBUTION, ETC. (IMPRINT) | |
| Place of publication, distribution, etc | London : |
| Name of publisher, distributor, etc | SAGE Publication Ltd., |
| Date of publication, distribution, etc | c2014. |
| 263 ## - PROJECTED PUBLICATION DATE | |
| Projected publication date | 1403. |
| 300 ## - PHYSICAL DESCRIPTION | |
| Extent | xi, 256 pages : |
| Dimensions | 23 cm. |
| 504 ## - BIBLIOGRAPHY, ETC. NOTE | |
| Bibliography, etc | Includes bibliographical references and idnex. |
| 521 ## - TARGET AUDIENCE NOTE | |
| Target audience note | Education |
| 650 #0 - SUBJECT ADDED ENTRY--TOPICAL TERM | |
| Topical term or geographic name as entry element | Education. |
| 650 04 - SUBJECT ADDED ENTRY--TOPICAL TERM | |
| Topical term or geographic name as entry element | Child development. |
| 650 04 - SUBJECT ADDED ENTRY--TOPICAL TERM | |
| Topical term or geographic name as entry element | Learning theory. |
| 942 ## - ADDED ENTRY ELEMENTS (KOHA) | |
| Source of classification or shelving scheme | Library of Congress Classification |
| Koha item type | Books |
| Call number prefix | Foreign |
| Withdrawn status | Lost status | Source of classification or shelving scheme | Damaged status | Home library | Current library | Shelving location | Date acquired | Source of acquisition | Cost, normal purchase price | Total Checkouts | Full call number | Barcode | Date last seen | Price effective from | Koha item type |
|---|---|---|---|---|---|---|---|---|---|---|---|---|---|---|---|
| Library of Congress Classification | College Library | College Library | Reserve Section | 09/30/2014 | Library Fund | 3263.00 | LB 1555 .M121 2014 | C18766 | 05/15/2018 | 09/30/2014 | Books |